Rius de Catalunya - Statistics

General Stats
  • This quiz has been taken 160 times
  • The average score is 11 of 15
Answer Stats
Inicial Riu % Correct
L El Llobregat
97%
E L'Ebre
97%
T El Ter
96%
S El Segre
86%
B El Besós
84%
N La Noguera Pallaresa
78%
F El Francolí
72%
N La Noguera Ribagorçana
72%
F El Fluvià
68%
M La Muga
61%
T La Tordera
59%
C El Cardener
50%
F El Foix
44%
G El Gaià
43%
G La Garona
43%
No matching quizzes found
Score Distribution
Percent of People with Each Score
Percentile by Number Answered
Your Score History
You have not taken this quiz